00273nam a2200121Ia 4500008004100000082001600041100001600057245002700073250000800100260002700108300000800135650000800143191201s2005 xx 000 0 und d a658.18bCZI aCZINKOTA, M 0aInternational Business a6th aN.DelhibThomsonc2005 a672 aMBA